000 00273nmm a2200097Ia 4500
008 220120s9999||||xx |||||||||||||||||und||
020 _a0-07-052929
100 _aEFY
245 0 _aEFY Aniversary: Amazing tools for electronics, fedora 16, ub
260 _aEFY enterprises
_c2012
999 _c139714
_d139714